000 00322nam a22001457a 4500
003 OSt
005 20160727222408.0
008 160624b xxu||||| |||| 00| 0 eng d
040 _cTEST
100 _9913
_aJohnson, W.W
245 _aMexico
260 _aNEW YORK
_bTIME LIFE BOOKS
_c1971
300 _aMexico
942 _2ddc
_cBK
999 _c726
_d726